[Event "Women's Speed Chess Q5"]
[Site "chess.com INT"]
[Date "2020.06.22"]
[Round "3"]
[White "Jakubowska, Anna"]
[Black "Enkhtuul, Altan-Ulzii"]
[Result "0-1"]
[WhiteTitle "WIM"]
[BlackTitle "WGM"]
[WhiteElo "2073"]
[BlackElo "2228"]
[WhiteFideId "1121952"]
[BlackFideId "4901444"]
[EventDate "2020.06.22"]

1. e4 Nf6 2. e5 Nd5 3. d4 d6 4. c4 Nb6 5. exd6 exd6 6. Nc3 Be7 7. Be3 Bf6 8. Be2
Nc6 9. h3 O-O 10. Nf3 Bf5 11. O-O h6 12. Rc1 Re8 13. b3 d5 14. c5 Nc8 15. a3 Be6
16. b4 a6 17. Rb1 N8e7 18. g4 Ng6 19. a4 Nf8 20. b5 axb5 21. axb5 Na5 22. Nd2 c6
23. b6 Nd7 24. Ra1 Nxc5 25. dxc5 Bxc3 26. Ra3 d4 27. Bf4 Bb4 28. Ra1 Bxc5 29.
Bc7 Qd7 30. Ne4 Bf8 31. Bd3 Nb3 32. Rxa8 Rxa8 33. Qf3 Bd5 34. Qf4 Nc5 35. Nxc5
Bxc5 36. Re1 Ra3 37. Bf5 Be6 38. Bxe6 fxe6 39. Qe5 d3 40. Qxc5 d2 41. Rd1 Rxh3
42. Bg3 Qd3 43. Qe5 Kh8 44. Qb8+ Kh7 45. Qf4 Qe2 46. Rxd2 Qe1+ 47. Kg2 Qh1# 0-1

[Event "Women's Speed Chess Q5"]
[Site "chess.com INT"]
[Date "2020.06.22"]
[Round "3"]
[White "Soumya, Swaminathan"]
[Black "Mikheeva, Galina"]
[Result "1-0"]
[WhiteTitle "IM"]
[BlackTitle "WFM"]
[WhiteElo "2351"]
[BlackElo "1901"]
[WhiteFideId "5016193"]
[BlackFideId "44108320"]
[EventDate "2020.06.22"]

1. Nf3 Nf6 2. c4 e6 3. d4 d5 4. g3 dxc4 5. Bg2 Bb4+ 6. Bd2 Be7 7. O-O O-O 8. Qc2
c5 9. Qxc4 Nbd7 10. Na3 Nb6 11. Qd3 cxd4 12. Nb5 Bc5 13. b4 Be7 14. Rac1 Nbd5
15. a3 b6 16. Nbxd4 Bb7 17. Nc6 Bxc6 18. Rxc6 Qd7 19. Ne5 Qb7 20. Rfc1 Rac8 21.
e4 Nc7 22. Bg5 Rfd8 23. Qc2 Bd6 24. f4 Rb8 25. Bxf6 gxf6 26. Ng4 Kg7 27. e5 fxe5
28. fxe5 1-0

[Event "Women's Speed Chess Q5"]
[Site "chess.com INT"]
[Date "2020.06.22"]
[Round "3"]
[White "Nikoladze, Sopio"]
[Black "Mendoza, Shania Mae"]
[Result "1-0"]
[WhiteTitle "WIM"]
[BlackTitle "WFM"]
[WhiteElo "2132"]
[BlackElo "2158"]
[WhiteFideId "13600427"]
[BlackFideId "5211158"]
[EventDate "2020.06.22"]

1. d4 d6 2. Nf3 Nf6 3. e3 g6 4. c4 Bg7 5. Nc3 O-O 6. b3 Re8 7. Bb2 Nc6 8. Be2 e5
9. O-O e4 10. Nd2 Bf5 11. a3 h5 12. b4 Qd7 13. Rc1 Ne7 14. d5 Kh7 15. Nb5 Neg8
16. Rc2 Nh6 17. Qa1 a6 18. Nxc7 Qxc7 19. Bxf6 Bxf6 20. Qxf6 Re5 21. Nb3 Rxd5 22.
cxd5 Qxc2 23. Nd4 Qb2 24. Qxd6 Qxa3 25. Qe7 Kg7 26. Qxb7 Rd8 27. Bxa6 Rd6 28.
Be2 Qa2 29. b5 Rxd5 30. b6 Rxd4 31. exd4 Qxe2 32. Qc7 Ng4 33. b7 e3 34. f3 Bd3
35. Qc1 Qa2 36. b8=Q Bxf1 37. Qxf1 e2 38. Qe1 Nf6 39. Qe5 Qc4 40. Q1xe2 1-0

[Event "Women's Speed Chess Q5"]
[Site "chess.com INT"]
[Date "2020.06.22"]
[Round "3"]
[White "Koridze, Lile"]
[Black "Ziegenfuss, Antonia"]
[Result "1-0"]
[WhiteTitle "WFM"]
[BlackTitle "WFM"]
[WhiteElo "1996"]
[BlackElo "2101"]
[WhiteFideId "13612514"]
[BlackFideId "12962554"]
[EventDate "2020.06.22"]

1. d4 Nf6 2. c4 e6 3. g3 d5 4. Bg2 dxc4 5. Nf3 Bd7 6. O-O Be7 7. Qc2 O-O 8. Qxc4
Bc6 9. Nc3 Nbd7 10. Re1 Nb6 11. Qd3 Nbd5 12. e4 Nxc3 13. bxc3 b6 14. Bb2 Bb7 15.
Rad1 c5 16. e5 Nd5 17. a3 cxd4 18. cxd4 Rc8 19. Rc1 Qd7 20. Nd2 Rxc1 21. Rxc1
Rc8 22. h3 Rxc1+ 23. Bxc1 Qc7 24. Bb2 Qc8 25. Ne4 Ba6 26. Qd1 Qc4 27. Nd6 Bxd6
28. exd6 Qc6 29. Qb3 Qxd6 30. Qa4 b5 31. Qa5 Qb6 32. Qd2 h6 33. Be4 Qc7 34. Bb1
Bb7 35. Qd3 g6 36. Qxb5 a6 37. Qc5 Qxc5 38. dxc5 Kf8 39. Kf1 Ke7 40. Ke2 Kd7 41.
Kd3 Kc6 42. Kd4 Ne7 43. Be4+ Kc7 44. Bxb7 Kxb7 45. Ke5 Nd5 46. Kd6 a5 47. Kd7
Nf6+ 48. Bxf6 1-0

[Event "Women's Speed Chess Q5"]
[Site "chess.com INT"]
[Date "2020.06.22"]
[Round "3"]
[White "Petrova, Irina"]
[Black "Berend, Elvira"]
[Result "1/2-1/2"]
[WhiteTitle "WIM"]
[BlackTitle "WGM"]
[WhiteElo "2087"]
[BlackElo "2326"]
[WhiteFideId "14124122"]
[BlackFideId "4000510"]
[EventDate "2020.06.22"]

1. d4 Nf6 2. Bg5 Ne4 3. Bf4 d5 4. f3 Nf6 5. Nc3 c5 6. e3 e6 7. Qd2 a6 8. O-O-O
b5 9. dxc5 Bxc5 10. e4 Bb7 11. exd5 Nxd5 12. Nxd5 Bxd5 13. Qc3 Bf8 14. Bd3 Nd7
15. Be4 Rc8 16. Qd2 Nf6 17. Bg5 Be7 18. Bxf6 Bxf6 19. Bxd5 exd5 20. Qxd5 O-O 21.
Qxd8 Rfxd8 22. Ne2 Re8 23. Ng3 g6 24. Ne4 Be5 25. Rhe1 Kg7 26. g3 Red8 27. Rxd8
Rxd8 28. Nc5 Bd4 29. Nd3 a5 30. Re4 b4 31. Re7 Bf6 32. Ra7 Rd5 33. Ra6 h5 34. f4
g5 35. Ra8 h4 36. Rb8 gxf4 37. Nxf4 Bg5 38. c3 bxc3 39. bxc3 Bxf4+ 40. gxf4 Rf5
41. Ra8 Rxf4 42. Rxa5 Rf1+ 43. Kd2 Rf2+ 44. Ke3 Rxh2 45. Kf4 Rc2 46. Kg4 Rxc3
47. Kxh4 Kf6 48. Kg4 Ke6 49. Kf4 Rc2 50. Ke4 1/2-1/2

[Event "Women's Speed Chess Q5"]
[Site "chess.com INT"]
[Date "2020.06.22"]
[Round "3"]
[White "Martsynovskaya, Marina"]
[Black "Foisor, Sabina-Francesca"]
[Result "0-1"]
[WhiteTitle "WIM"]
[BlackTitle "WGM"]
[WhiteElo "2046"]
[BlackElo "2228"]
[WhiteFideId "609218"]
[BlackFideId "1212915"]
[EventDate "2020.06.22"]

1. e4 c6 2. Nc3 d5 3. d4 g6 4. f4 Bg7 5. Nf3 dxe4 6. Nxe4 Bg4 7. c3 Nf6 8. Nxf6+
Bxf6 9. Bc4 O-O 10. O-O Nd7 11. h3 Bxf3 12. Qxf3 e6 13. Be3 Nb6 14. Bb3 a5 15.
Rad1 a4 16. Bc2 Nd5 17. g4 b5 18. f5 exf5 19. gxf5 Bg5 20. Bxg5 Qxg5+ 21. Kh1
Rae8 22. Rde1 Rxe1 23. Rxe1 Qd2 24. Re2 Qc1+ 25. Kh2 Qf4+ 26. Qxf4 Nxf4 27. Re7
Rc8 28. Be4 c5 29. Kg3 Nh5+ 30. Kf3 cxd4 31. cxd4 gxf5 32. Bxf5 Rd8 33. Bd7 Nf6
34. Bxb5 Rxd4 35. Re5 Rb4 36. Rg5+ Kf8 37. Rf5 Ke7 0-1

[Event "Women's Speed Chess Q5"]
[Site "chess.com INT"]
[Date "2020.06.22"]
[Round "3"]
[White "Khotenashvili, Bela"]
[Black "Zhukova, Natalia"]
[Result "1-0"]
[WhiteTitle "GM"]
[BlackTitle "GM"]
[WhiteElo "2458"]
[BlackElo "2328"]
[WhiteFideId "13602640"]
[BlackFideId "14101513"]
[EventDate "2020.06.22"]

1. Nf3 Nf6 2. g3 d5 3. Bg2 Nbd7 4. O-O e5 5. d3 Bd6 6. Nbd2 O-O 7. e4 c6 8. Qe2
Re8 9. c4 Nc5 10. b4 Ne6 11. c5 Bc7 12. Bb2 Nf8 13. h3 a5 14. a3 Ng6 15. Nb3 a4
16. Nbd2 b6 17. cxb6 Bxb6 18. Rac1 Ba6 19. Rfd1 Qd7 20. Ne1 Rad8 21. Qf3 Bb5 22.
Nf1 Qa7 23. Ne3 Bxd3 24. Nxd3 dxe4 25. Qe2 exd3 26. Rxd3 c5 27. Rxd8 Rxd8 28. b5
Re8 29. Nc4 e4 30. Bxf6 gxf6 31. Nd6 Re6 32. Nf5 e3 33. f4 Nf8 34. Bd5 Re8 35.
Qg4+ Ng6 36. Nh6+ Kf8 37. f5 Qd7 38. fxg6 Qxg4 39. Nxg4 fxg6 40. Nxf6 Rd8 41.
Bc4 Bc7 42. Nxh7+ Kg7 43. Ng5 Bxg3 44. Ne6+ Kf6 45. Nxd8 1-0

[Event "Women's Speed Chess Q5"]
[Site "chess.com INT"]
[Date "2020.06.22"]
[Round "3"]
[White "Doluhanova, Evgeniya"]
[Black "Cori T., Deysi"]
[Result "1-0"]
[WhiteTitle "WGM"]
[BlackTitle "WGM"]
[WhiteElo "2229"]
[BlackElo "2388"]
[WhiteFideId "14112035"]
[BlackFideId "3801934"]
[EventDate "2020.06.22"]

1. Nf3 Nf6 2. b3 g6 3. Bb2 Bg7 4. e3 O-O 5. Be2 b6 6. O-O Bb7 7. c4 c5 8. Nc3 e6
9. Rc1 d5 10. d4 cxd4 11. Nxd4 Nbd7 12. cxd5 Nxd5 13. Nxd5 Bxd5 14. Bf3 Ne5 15.
Bxd5 Qxd5 16. Qe2 Rac8 17. h3 h5 18. Rfd1 Qa5 19. a4 Kh7 20. Ba3 Rxc1 21. Rxc1
Re8 22. Rc7 Qd5 23. Qb5 Qd8 24. Rxa7 Rg8 25. f4 Qh4 26. Qe2 Rc8 27. fxe5 Qg3 28.
Rxf7 Qxe5 29. Rf1 Rc3 30. Nf3 Qd5 31. Bc1 Qxb3 32. Qf2 Qd5 33. Bd2 Rc2 34. Nd4
Bxd4 35. exd4 Rc7 36. Qf4 Rd7 37. Qh6+ Kg8 38. Rf8# 1-0

[Event "Women's Speed Chess Q5"]
[Site "chess.com INT"]
[Date "2020.06.22"]
[Round "3"]
[White "Bommini, Mounika Akshaya"]
[Black "Miroshnik, Ekaterina"]
[Result "1-0"]
[WhiteTitle "WFM"]
[BlackTitle "WFM"]
[WhiteElo "2029"]
[BlackElo "2139"]
[WhiteFideId "25019872"]
[BlackFideId "34127698"]
[EventDate "2020.06.22"]

1. d4 e6 2. c4 Nf6 3. Nc3 d5 4. cxd5 exd5 5. Bg5 Be7 6. e3 c6 7. Bd3 g6 8. Nge2
Nbd7 9. f3 Nh5 10. Bh6 Bg5 11. Bxg5 Qxg5 12. O-O Qxe3+ 13. Kh1 O-O 14. Re1 Qh6
15. g4 Nf4 16. Ng3 Nf6 17. Qd2 Kg7 18. Re5 g5 19. Bf5 Kh8 20. Rae1 Bxf5 21. Nxf5
Qh3 22. Ng3 Rg8 23. Re7 Rae8 24. Rxe8 Rxe8 25. Rxe8+ Nxe8 26. Qf2 Nd6 27. Nce2
Ne6 28. Qe3 Kg8 29. Qe5 Nc4 30. Qb8+ Nf8 31. Qd8 Qh6 32. Nf5 Qh3 33. Qxg5+ Ng6
34. Qd8+ Nf8 35. Qg5+ Ng6 36. Ng1 Nd6 37. Nxh3 1-0

[Event "Women's Speed Chess Q5"]
[Site "chess.com INT"]
[Date "2020.06.22"]
[Round "3"]
[White "Narva, Mai"]
[Black "Zhuravleva, Olga"]
[Result "0-1"]
[WhiteTitle "WIM"]
[BlackTitle "WIM"]
[WhiteElo "2333"]
[BlackElo "2278"]
[WhiteFideId "4500512"]
[BlackFideId "4145933"]
[EventDate "2020.06.22"]

1. e4 e5 2. Nf3 Nc6 3. Bb5 f5 4. d3 Nf6 5. Nc3 Bc5 6. O-O O-O 7. h3 d6 8. Re1
Kh8 9. a3 Nd4 10. Nxd4 Bxd4 11. exf5 c6 12. Ba4 Bxf5 13. Ne2 Bb6 14. Ng3 Bg6 15.
Be3 Bc7 16. d4 e4 17. c4 d5 18. cxd5 cxd5 19. Rc1 Qd6 20. b4 Nh5 21. Rxc7 Nxg3
22. Rxb7 Bh5 23. Qd2 Nf5 24. Bf4 Qg6 25. Be5 Bf3 26. g3 Qh5 27. Kh2 Bg4 28. Rh1
Bxh3 29. Bd1 Bg4+ 30. Kg1 Qg6 31. Bxg4 Qxg4 32. Qf4 Qg6 33. Qd2 Rac8 34. Kg2 Rg8
35. Rc1 Nh4+ 0-1

[Event "Women's Speed Chess Q5"]
[Site "chess.com INT"]
[Date "2020.06.22"]
[Round "3"]
[White "Peycheva, Gergana"]
[Black "Mammadova, Gulnar"]
[Result "1/2-1/2"]
[WhiteTitle "FM"]
[BlackTitle "IM"]
[WhiteElo "2255"]
[BlackElo "2382"]
[WhiteFideId "2916711"]
[BlackFideId "13403508"]
[EventDate "2020.06.22"]

1. d4 e6 2. c4 f5 3. g3 Nf6 4. Bg2 g6 5. Nh3 Bg7 6. Nf4 Qe7 7. h4 d6 8. Nc3 c6
9. h5 e5 10. dxe5 dxe5 11. h6 Bf8 12. Nd3 Na6 13. Bg5 Qe6 14. Qd2 Be7 15. O-O-O
Bd7 16. Nxe5 O-O-O 17. Nxd7 Rxd7 18. Qe3 Qxe3+ 19. Bxe3 Bc5 20. Bxc5 Nxc5 21.
Rxd7 Ncxd7 22. e4 Ne5 23. exf5 gxf5 24. Bh3 Nfg4 25. Bxg4 fxg4 26. Ne4 Nxc4 27.
Nf6 Ne5 28. Kc2 Kc7 29. Re1 Kd6 30. Ne4+ Kd5 31. Nf6+ Kd6 32. Re4 Rf8 33. Nxh7
Rxf2+ 34. Kc3 Rh2 35. Nf6 Rxh6 36. Nxg4 Nxg4 37. Rxg4 Rh3 38. Rg6+ Kc5 39. Rg7
b5 40. a3 a5 41. Rg5+ Kd6 42. Rg6+ Kc5 43. Rg5+ Kd6 44. Rg6+ Kd5 45. Rg5+ Kd6 1/2-1/2

[Event "Women's Speed Chess Q5"]
[Site "chess.com INT"]
[Date "2020.06.22"]
[Round "3"]
[White "Sargsyan, Anna M."]
[Black "Shafigullina, Zarina"]
[Result "1-0"]
[WhiteTitle "WGM"]
[BlackTitle "WFM"]
[WhiteElo "2405"]
[BlackElo "2296"]
[WhiteFideId "13308130"]
[BlackFideId "24174220"]
[EventDate "2020.06.22"]

1. d4 Nf6 2. c4 e6 3. Nf3 b6 4. g3 Ba6 5. Qc2 c5 6. Bg2 Bb7 7. d5 exd5 8. cxd5
Nxd5 9. O-O Be7 10. a3 Nf6 11. Nc3 d5 12. Rd1 Nbd7 13. Nh4 O-O 14. Nf5 Re8 15.
Bf4 Qc8 16. Nb5 Qc6 17. Nc7 Rac8 18. Nxe7+ Rxe7 19. Nxd5 Nxd5 20. Bxd5 Qxd5 21.
Rxd5 Bxd5 22. Rd1 Nf6 23. Bg5 Be4 24. Qa4 Bc6 25. Qh4 Re6 26. Bxf6 Rxf6 27. f3
Re8 28. Kf2 h6 29. Rd2 Bb5 30. e4 Bc6 31. Kg2 g5 32. Qg4 Kg7 33. h4 Kg6 34. hxg5
hxg5 35. b4 cxb4 36. axb4 a5 37. b5 Bb7 38. Qd7 Bxe4 39. Qxe8 Bxf3+ 40. Kg1 g4
41. Qg8+ Kf5 42. Qh7+ Ke5 43. Qh5+ Ke6 44. Qg5 Rf5 45. Qe3+ Kf6 46. Qxb6+ Kg5
47. Qe3+ Kg6 48. Rd6+ f6 49. Qe8+ 1-0

[Event "Women's Speed Chess Q5"]
[Site "chess.com INT"]
[Date "2020.06.22"]
[Round "3"]
[White "Hng, Mei-En Emmanuelle"]
[Black "Hernandez Bonilla, Amelia"]
[Result "1-0"]
[WhiteTitle "WFM"]
[BlackTitle "WFM"]
[WhiteElo "2029"]
[BlackElo "2016"]
[WhiteFideId "5804566"]
[BlackFideId "3900193"]
[EventDate "2020.06.22"]

1. e4 c5 2. d4 cxd4 3. c3 d5 4. exd5 Qxd5 5. cxd4 Nc6 6. Nf3 Bg4 7. Nc3 Bxf3 8.
Nxd5 Bxd1 9. Nc7+ Kd7 10. Nxa8 Bh5 11. Bb5 e6 12. Bf4 Bb4+ 13. Kf1 Ba5 14. a3
Nf6 15. b4 Bd8 16. Ba4 Nd5 17. Bd2 Bf6 18. b5 Bxd4 19. bxc6+ bxc6 20. Rc1 Rc8
21. h4 Kd6 22. Rh3 Rxa8 23. Rxc6+ Ke7 24. Rb3 Bb6 25. Bb4+ Kf6 26. Bd2 Bd1 27.
Rf3+ Bxf3 28. gxf3 Ke7 29. Rc1 Rd8 30. Bb3 f6 31. Be1 Kd6 32. Ke2 Bc5 33. Bd2
Bxa3 34. Ra1 Bc5 35. Ra6+ Kc7 36. Rxe6 Bb6 37. h5 a5 38. h6 Rd7 39. hxg7 Rxg7
40. Bxd5 1-0

[Event "Women's Speed Chess Q5"]
[Site "chess.com INT"]
[Date "2020.06.22"]
[Round "3"]
[White "Charochkina, Daria"]
[Black "Bulmaga, Irina"]
[Result "0-1"]
[WhiteTitle "IM"]
[BlackTitle "IM"]
[WhiteElo "2356"]
[BlackElo "2440"]
[WhiteFideId "4180917"]
[BlackFideId "13903063"]
[EventDate "2020.06.22"]

1. b3 Nf6 2. Bb2 e6 3. e3 b6 4. f4 Bb7 5. Nf3 Be7 6. Be2 O-O 7. O-O c5 8. Qe1 d6
9. d3 Nc6 10. Nbd2 b5 11. Qg3 Ne8 12. e4 d5 13. exd5 exd5 14. Ne5 f6 15. Nxc6
Bxc6 16. Bg4 Nc7 17. Rae1 d4 18. b4 cxb4 19. Nb3 f5 20. Bf3 Bh4 21. Qh3 Bxf3 22.
Qxf3 Bxe1 23. Rxe1 Qd5 24. Qf2 Rfe8 25. Bxd4 Rxe1+ 26. Qxe1 Ne6 27. Be5 a5 28.
Nd2 Qxa2 29. g4 Qd5 30. gxf5 Nd4 31. Kf2 Re8 32. Qg1 Nxf5 33. Qg5 Qf7 34. Ne4 h6
35. Qg1 Kh7 36. Ke2 a4 37. Qg4 a3 38. Qh3 Kg8 39. Qg4 Re6 0-1

[Event "Women's Speed Chess Q5"]
[Site "chess.com INT"]
[Date "2020.06.22"]
[Round "3"]
[White "Turova, Irina"]
[Black "Huda, Maryana"]
[Result "1-0"]
[WhiteTitle "IM"]
[BlackTitle "WGM"]
[WhiteElo "2381"]
[BlackElo "2128"]
[WhiteFideId "4120876"]
[BlackFideId "14116553"]
[EventDate "2020.06.22"]

1. d4 d5 2. c4 c6 3. e3 Nf6 4. Nc3 e6 5. Nf3 Nbd7 6. Qc2 Bd6 7. b3 Qe7 8. Be2
O-O 9. O-O b6 10. Bb2 Bb7 11. Rad1 Rac8 12. Rfe1 Rfd8 13. cxd5 cxd5 14. Nd2 a6
15. Rc1 h5 16. h3 b5 17. Qb1 h4 18. Bd3 Ne8 19. Nf3 f5 20. Ne2 g5 21. Ne5 Nef6
22. f3 Nh5 23. Rxc8 Rxc8 24. Rc1 Rxc1+ 25. Qxc1 Kg7 26. a4 b4 27. Kf2 Ndf6 28.
e4 f4 29. exd5 exd5 30. Bb1 Ng3 31. Qc2 Nfe4+ 32. fxe4 dxe4 33. Nc6 e3+ 34. Ke1
Bxc6 35. d5+ Kf8 36. dxc6 Nxe2 37. Kxe2 Qe6 38. c7 Qc8 39. Qf5+ Qxf5 40. Bxf5
Bxc7 41. Bf6 1-0

[Event "Women's Speed Chess Q5"]
[Site "chess.com INT"]
[Date "2020.06.22"]
[Round "3"]
[White "Zvereva, Margarita"]
[Black "Sharma, Isha"]
[Result "0-1"]
[WhiteTitle "WFM"]
[BlackTitle "WIM"]
[WhiteElo "1929"]
[BlackElo "2276"]
[WhiteFideId "34177741"]
[BlackFideId "35006665"]
[EventDate "2020.06.22"]

1. d4 Nf6 2. Nf3 g6 3. Nbd2 d5 4. b4 a5 5. b5 a4 6. a3 c6 7. bxc6 Nxc6 8. e3 Bg7
9. Bb2 O-O 10. Bd3 Bd7 11. O-O Na5 12. c4 dxc4 13. Nxc4 Nb3 14. Rb1 Nd5 15. Bc2
b5 16. Nce5 Na5 17. Nxd7 Qxd7 18. e4 Nb6 19. d5 Bxb2 20. Rxb2 Nac4 21. Ra2 Qd6
22. Qd3 Nd7 23. Nd4 Qc5 24. f4 Rfd8 25. Kh1 Rdc8 26. Raa1 Rab8 27. Nc6 Rb7 28.
Rac1 Nf6 29. Bxa4 Ng4 30. Qe2 Nge3 31. Bb3 Nxf1 32. Qxf1 Qxa3 33. Bxc4 bxc4 34.
Rxc4 Ra8 35. Rc1 Qe3 36. h3 Ra2 37. Re1 Qg3 38. e5 Rf2 39. Qg1 Rbb2 40. Nxe7+
Kg7 41. d6 Rxg2 42. Qd4 Qh2# 0-1

[Event "Women's Speed Chess Q5"]
[Site "chess.com INT"]
[Date "2020.06.22"]
[Round "3"]
[White "Abrahamyan, Tatev"]
[Black "Tarasova, Viktoriya"]
[Result "1-0"]
[WhiteTitle "WGM"]
[BlackTitle "WIM"]
[WhiteElo "2358"]
[BlackElo "2226"]
[WhiteFideId "13301918"]
[BlackFideId "4175840"]
[EventDate "2020.06.22"]

1. e4 c5 2. Nf3 d6 3. d4 cxd4 4. Nxd4 Nf6 5. Nc3 a6 6. f3 e5 7. Nb3 Be6 8. Be3
Be7 9. Qd2 Nbd7 10. Kf2 O-O 11. Rd1 b5 12. Nd5 Bxd5 13. exd5 Nb6 14. Bxb6 Qxb6+
15. Qe3 Qc7 16. c3 Nd7 17. Bd3 f5 18. Rhe1 Rab8 19. Kg1 a5 20. Qe2 a4 21. Nd2 b4
22. c4 Nc5 23. Bb1 Bg5 24. Nf1 Rbe8 25. Ng3 g6 26. Nf1 Re7 27. g3 Rfe8 28. Qg2
e4 29. f4 Bf6 30. Ne3 Nd7 31. b3 axb3 32. axb3 Bc3 33. Re2 h5 34. h3 Nf6 35. g4
fxg4 36. hxg4 hxg4 37. Nxg4 Nxg4 38. Qxg4 Qa7+ 39. Kg2 Kf7 40. Rh1 Bg7 41. f5
Kf8 42. fxg6 Bd4 43. Bxe4 Kg8 44. Rh7 Qa1 45. Rxe7 Qg1+ 46. Kh3 Qf1+ 47. Bg2 Qf8
48. Rxe8 Qxe8 49. Rxe8+ Kg7 50. Qd7+ 1-0

[Event "Women's Speed Chess Q5"]
[Site "chess.com INT"]
[Date "2020.06.22"]
[Round "3"]
[White "Goltseva, Ekaterina"]
[Black "Stefanova, Antoaneta"]
[Result "1-0"]
[WhiteTitle "FM"]
[BlackTitle "GM"]
[WhiteElo "2306"]
[BlackElo "2462"]
[WhiteFideId "24173770"]
[BlackFideId "2902257"]
[EventDate "2020.06.22"]

1. d4 d5 2. c4 c6 3. Nf3 Nf6 4. g3 g6 5. Bg2 Bg7 6. b3 dxc4 7. bxc4 c5 8. Bb2
cxd4 9. Nxd4 O-O 10. O-O Qc7 11. Qb3 Nbd7 12. Nc3 Nb6 13. Na4 Nxa4 14. Qxa4 Bd7
15. Qb4 Rfe8 16. Rfc1 a5 17. Qa3 Bf8 18. Qc3 e5 19. Nb5 Qb6 20. a4 Bc5 21. e3
Rab8 22. Ba3 Bxa3 23. Qxa3 Bc6 24. Qd6 Qd8 25. Bxc6 bxc6 26. Qxc6 Ng4 27. Qf3 f5
28. e4 Qg5 29. exf5 gxf5 30. Nd6 Rf8 31. Qd5+ Kg7 32. Rcb1 Qh6 33. h4 Nxf2 34.
Kxf2 f4 35. Qxe5+ Kg8 36. Qg5+ Qxg5 37. hxg5 fxg3+ 38. Kxg3 Rbd8 39. c5 Rd7 40.
Rb7 Rxb7 41. Nxb7 Rf5 42. c6 Rxg5+ 43. Kf4 Rg7 44. Rc1 Rc7 45. Nd6 h5 46. Nb5
Rc8 47. c7 Kf7 48. Nd6+ 1-0

[Event "Women's Speed Chess Q5"]
[Site "chess.com INT"]
[Date "2020.06.22"]
[Round "3"]
[White "Kiolbasa, Oliwia"]
[Black "Zakirova, Aisha"]
[Result "1-0"]
[WhiteTitle "WIM"]
[BlackTitle "WCM"]
[WhiteElo "2160"]
[BlackElo "1585"]
[WhiteFideId "1154613"]
[BlackFideId "13719734"]
[EventDate "2020.06.22"]

1. e4 c5 2. Nf3 d6 3. d4 cxd4 4. Nxd4 Nf6 5. Nc3 Nc6 6. Bg5 e6 7. Qd2 a6 8.
O-O-O Bd7 9. Kb1 h6 10. Bh4 Nxe4 11. Nxe4 Qxh4 12. Nxd6+ Bxd6 13. Nxc6 Bxc6 14.
Qxd6 Qe7 15. Qxe7+ Kxe7 16. f3 Rad8 17. Bd3 Kf6 18. Rhe1 Rd7 19. c3 Rhd8 20. Kc2
Kg5 21. Be2 h5 22. Rxd7 Rxd7 23. Rd1 Rxd1 24. Bxd1 h4 25. Kd2 Kf4 26. c4 e5 27.
Ke2 e4 28. fxe4 Bxe4 29. Kf2 g5 30. b4 g4 31. g3+ hxg3+ 32. hxg3+ Ke5 33. Ke3 f5
34. a4 Kd6 35. c5+ Kc6 36. Bxg4 a5 37. bxa5 Kxc5 38. Bf3 Bc2 39. Bxb7 Bxa4 40.
Kf4 Bc2 41. a6 Kb6 42. Bc8 Ka7 43. Bxf5 Bd1 44. Bc8 Be2 45. g4 Bxg4 46. Kxg4 Kb8
47. Bb7 Ka7 48. Kf4 Kb8 49. Ke4 Ka7 50. Kd4 Kb8 51. Kc5 Ka7 52. Bc8 Kb8 53. Kb6
Ka8 54. Bb7+ Kb8 55. a7# 1-0

[Event "Women's Speed Chess Q5"]
[Site "chess.com INT"]
[Date "2020.06.22"]
[Round "3"]
[White "Bartel, Marta"]
[Black "Kiseleva, Arina"]
[Result "0-1"]
[WhiteTitle "WGM"]
[BlackTitle "WCM"]
[WhiteElo "2192"]
[BlackElo "2024"]
[WhiteFideId "1123009"]
[BlackFideId "4164989"]
[EventDate "2020.06.22"]

1. d4 e6 2. Nf3 Nf6 3. Bg5 d5 4. e3 Be7 5. c4 h6 6. Bh4 b6 7. Nc3 Bb7 8. Be2
dxc4 9. Bxc4 O-O 10. O-O Ne4 11. Bxe7 Qxe7 12. Nxe4 Bxe4 13. Rc1 Nd7 14. Ba6 c5
15. Qa4 Bxf3 16. gxf3 Qg5+ 17. Kh1 Qd5 18. e4 Qh5 19. Be2 Rfd8 20. Rfd1 cxd4 21.
Rxd4 Ne5 22. Rxd8+ Rxd8 23. Rd1 Rxd1+ 24. Qxd1 Qh3 25. f4 Ng6 26. Qd2 Nh4 27.
Qd8+ Kh7 28. Qxh4 Qxh4 29. Kg2 Qxf4 30. Bf3 Qd2 31. h3 Qxb2 32. a4 Qa3 33. a5
Qxa5 34. e5 b5 35. Be4+ g6 36. h4 b4 37. h5 Qxe5 38. hxg6+ fxg6 39. Bd3 b3 40.
f4 Qd5+ 41. Kg3 Qxd3+ 42. Kg4 h5+ 43. Kg5 Qf5+ 44. Kh4 Qg4# 0-1

[Event "Women's Speed Chess Q5"]
[Site "chess.com INT"]
[Date "2020.06.22"]
[Round "3"]
[White "Khomeriki, Nino"]
[Black "Sapale, Saloni"]
[Result "1/2-1/2"]
[WhiteTitle "WGM"]
[BlackTitle "WIM"]
[WhiteElo "2319"]
[BlackElo "2147"]
[WhiteFideId "13603191"]
[BlackFideId "5085527"]
[EventDate "2020.06.22"]

1. d4 Nf6 2. Nf3 g6 3. g3 Bg7 4. Bg2 O-O 5. c4 c6 6. O-O d5 7. cxd5 cxd5 8. Ne5
Ng4 9. Nc3 Nxe5 10. dxe5 d4 11. Nb5 Bxe5 12. Bh6 Re8 13. Rc1 Nc6 14. Rc5 Bf6 15.
e3 a6 16. Bxc6 bxc6 17. Nxd4 Bh3 18. Re1 Qd6 19. Rxc6 Qd5 20. Qf3 Qxf3 21. Nxf3
Bxb2 22. Ng5 Bf5 23. e4 Bd7 24. Rc7 Bb5 25. h4 Rac8 26. Rxc8 Rxc8 27. Rd1 f6 28.
Nh3 Kf7 29. Be3 Rc2 30. h5 Be5 31. hxg6+ hxg6 32. Rd2 Rxd2 33. Bxd2 Bd3 34. f4
Bd4+ 35. Kh2 Bxe4 36. Ng1 Bd5 37. Ne2 Bb2 38. a4 e5 39. fxe5 Bxe5 40. a5 Ke6 41.
Nf4+ Bxf4 42. gxf4 Kf5 43. Kg3 g5 44. fxg5 fxg5 45. Bc3 g4 46. Bd2 Bc4 47. Bc3
Bb5 48. Be1 1/2-1/2

[Event "Women's Speed Chess Q5"]
[Site "chess.com INT"]
[Date "2020.06.22"]
[Round "3"]
[White "Ovezdurdiyeva, Jemal"]
[Black "Tomilova, Elena"]
[Result "0-1"]
[WhiteTitle "WFM"]
[BlackTitle "WGM"]
[WhiteElo "2061"]
[BlackElo "2353"]
[WhiteFideId "14001888"]
[BlackFideId "4162340"]
[EventDate "2020.06.22"]

1. d4 Nf6 2. c4 e6 3. Nc3 Bb4 4. e3 d5 5. Ne2 dxc4 6. a3 Be7 7. Nf4 a6 8. Bxc4
b5 9. Bd3 Bb7 10. O-O O-O 11. Bc2 Nbd7 12. Nd3 Qb8 13. Qe2 c5 14. dxc5 Nxc5 15.
b4 Nce4 16. Bb2 Rc8 17. Nxe4 Bxe4 18. Rac1 Qb7 19. f3 Bg6 20. e4 a5 21. Rfd1 Nd7
22. Qe3 axb4 23. axb4 Rc7 24. Bb3 Rac8 25. Kf1 Nb6 26. Nc5 Bxc5 27. bxc5 Na4 28.
Bd4 h6 29. Rd2 Rc6 30. Ra2 Qa6 31. Qd3 Qa5 32. Qe3 Qb4 33. Bxa4 bxa4 34. Ra3 Ra8
35. Rca1 e5 36. Bxe5 Qxc5 37. Bd4 Qb5+ 38. Kf2 f6 39. Qe2 Qb4 40. Bc3 Rxc3 0-1